| 000 | 00418nam a2200145 a 4500 | ||
|---|---|---|---|
| 001 | 1132 | ||
| 003 | CDMR | ||
| 005 | 20130116135201.0 | ||
| 008 | 130130s1997||||||||||||||||||||||||||||d | ||
| 040 |
_aCDMR _bcat _cCPC GIRONA |
||
| 100 | 1 |
_aGrau, Dolors _9886 |
|
| 245 | 1 | 4 |
_aEls artesans de la imatge _bFotografia i cinema amateur a Palafrugell (1860-1985) _cGrau, Dolors |
| 260 |
_c1997 _bQuaderns de Palafrugell |
||
| 942 | _cMON | ||
| 999 |
_c1132 _d1132 |
||